LEADER 00990cam0 2200253 450 001 E600200067638 005 20101021061927.0 100 $a20101021d1989 |||||ita|0103 ba 101 $aita 102 $aIT 200 1 $aBreve storia delle origini della municipalita repubblicana di Acquapendente$e20 febbraio-18 aprile 1798$fMario Battaglini 210 $aAcquapendente$cCircolo culturale P. P. Biondi$cBiblioteca comunale$d1989 215 $a40 p.,$cill.$d24 cm 300 $a(mm) 700 1$aBattaglini$b, Mario$3AF00004344$4070$068704 801 0$aIT$bUNISOB$c20101021$gRICA 850 $aUNISOB 852 $aUNISOB$jFondo|Casavola|Opusc$m148984 912 $aE600200067638 940 $aM 102 Monografia moderna SBN 941 $aM 957 $b1107$gSi$d148984$hCasavola$rdono$1menle$2UNISOB$3UNISOB$420101021061929.0$520101021061959.0$6menle$aFondo|Casavola|Opusc 996 $aBreve storia delle origini della municipalita repubblicana di Acquapendente$91703055 997 $aUNISOB LEADER 01543nam 2200361 n 450 001 996392913203316 005 20200824121639.0 035 $a(CKB)4940000000110657 035 $a(EEBO)2240925928 035 $a(UnM)99867246e 035 $a(UnM)99867246 035 $a(EXLCZ)994940000000110657 100 $a19940505d1645 uy | 101 0 $aeng 135 $aurbn||||a|bb| 200 14$aThe lawfulnesse of infants baptisme$b[electronic resource] $eOr, An answer to Thomas Lamb his eight arguments, entituled, The unlawfulnesse of infants baptisme. And may serve also to the false minors, and old out-worne arguments in the late book of C. Paul Hobson, till a more particuler and compleat answer come forth to anatomise the fallasies of the said book, entituled, The fallasie of infants baptisme. By Robert Fage Junior. Gent 210 $aLondon $cPrinted by W. Wilson$d1645 215 $a[2], 16 p 300 $aA reply to "A confutation of infants baptisme" by Thomas Lamb and "The fallacy of infants baptisme discovered" by Paul Hobson. 300 $aAnnotation on Thomason copy: "Decemb: 16th". 300 $aReproduction of the original in the British Library. 330 $aeebo-0018 606 $aInfant baptism$vEarly works to 1800 615 0$aInfant baptism 700 $aFage$b Robert$01001909 801 0$bCu-RivES 801 1$bCu-RivES 801 2$bCStRLIN 801 2$bWaOLN 906 $aBOOK 912 $a996392913203316 996 $aThe lawfulnesse of infants baptisme$92378051 997 $aUNISA